Loading...
Checklist of the lepiotaceous
| Main Author: | |
|---|---|
| Format: | Printed Book |
| LEADER | 00299nam a22000977a 4500 | ||
|---|---|---|---|
| 100 | |a Guzman, Gaston | ||
| 245 | |a Checklist of the lepiotaceous | ||
| 300 | |a | ||
| 942 | |2 ddc |c BK | ||
| 999 | |c 294591 |d 294591 | ||
| 952 | |0 0 |1 0 |4 0 |7 0 |9 335078 |a BOT |b BOT |c ST1 |d 2002-01-01 |i 5463 |l 1 |m 1 |p BOT5463 |r 2002-01-01 |s 2002-01-01 |w 2002-01-01 |y BK | ||